[Event "LSS WC-2014-P-00024"]
[Site "LSS email"]
[Date "2010.02.18"]
[Round "?"]
[White "Deforel, Jorge Eduardo"]
[Black "Erlinger, Guido"]
[Result "1-0"]
[WhiteElo "2092"]
[BlackElo "1394"]
[PlyCount "69"]
[EventDate "2010.02.24"]
[EventType "tourn (corr)"]
[EventRounds "6"]
[EventCountry "GER"]
[SourceTitle "Telechess CBM 141"]
[Source "ChessBase"]
[SourceDate "2011.03.17"]
[SourceVersion "1"]
[SourceVersionDate "2011.03.17"]
[SourceQuality "1"]

1. d4 Nf6 2. Nf3 e6 3. c4 b6 4. g3 Bb7 5. Bg2 Be7 6. 0-0 0-0 7. Nc3 d5 8. Ne5 Nbd7 9. Qa4 c6 10. Nxc6 Bxc6 11. Qxc6 Rc8 12. Qb7 Rc7 13. Qa6 Nb8 14. Qa4 Rxc4 15. Qd1 Bb4 16. Qd3 Nc6 17. Nb5 a6 18. b3 axb5 19. Bb2 Qc7 20. bxc4 bxc4 21. Qb1 Ra8 22. a3 Be7 23. Bc3 Na5 24. Bxa5 Rxa5 25. a4 Ne8 26. Ra2 Nd6 27. Qb2 Bd8 28. Qc2 Ra8 29. Rb1 Qb7 30. Rab2 Qc6 31. Rb4 h5 32. e3 g6 33. h4 Kg7 34. R1b2 Ra6 35. Ra2 1-0

[Event "LSS WC-2014-P-00024"]
[Site "LSS email"]
[Date "2010.02.18"]
[Round "?"]
[White "Erlinger, Guido"]
[Black "Evtushenko, Sergey Aleksandrovi"]
[Result "0-1"]
[WhiteElo "1394"]
[BlackElo "2067"]
[PlyCount "80"]
[EventDate "2010.02.24"]
[EventType "tourn (corr)"]
[EventRounds "6"]
[EventCountry "GER"]
[SourceTitle "Telechess CBM 141"]
[Source "ChessBase"]
[SourceDate "2011.03.17"]
[SourceVersion "1"]
[SourceVersionDate "2011.03.17"]
[SourceQuality "1"]

1. e4 c5 2. Nc3 e6 3. Nf3 a6 4. d4 cxd4 5. Nxd4 Qc7 6. Be2 b5 7. 0-0 Bb7 8. Bf3 Nc6 9. Nxc6 dxc6 10. g3 Nf6 11. Bg5 Be7 12. Qe2 h6 13. Bf4 e5 14. Be3 a5 15. Rfd1 0-0 16. Rac1 Ba6 17. Qe1 Bc8 18. Qe2 Be6 19. Ra1 Rfd8 20. Rxd8+ Rxd8 21. a3 a4 22. Rd1 Ra8 23. Bd2 Qa7 24. Rb1 Bc5 25. Nd1 Rd8 26. Ne3 Bd4 27. Qe1 Rd7 28. Bc3 Qb6 29. Bxd4 exd4 30. Ng2 Re7 31. Qd2 Bg4 32. Bxg4 Nxg4 33. Qe2 f5 34. h3 Nf6 35. e5 Ne4 36. Rd1 Rxe5 37. Nh4 Qc5 38. Qd3 Re6 39. Kg2 Nd6 40. Nf3 Nc4 0-1

[Event "OP-2010-0-01086"]
[Site "LSS email"]
[Date "2010.02.16"]
[Round "?"]
[White "Erlinger, Guido"]
[Black "Shelykalin, Vjacheslav"]
[Result "0-1"]
[WhiteElo "1394"]
[BlackElo "1595"]
[PlyCount "108"]
[EventDate "2010.02.12"]
[EventType "tourn (corr)"]
[EventRounds "4"]
[EventCountry "GER"]
[SourceTitle "Telechess CBM 141"]
[Source "ChessBase"]
[SourceDate "2011.03.17"]
[SourceVersion "1"]
[SourceVersionDate "2011.03.17"]
[SourceQuality "1"]

1. e4 c5 2. d4 d6 3. dxc5 Qa5+ 4. Nc3 Qxc5 5. Be3 Qa5 6. Qd5 Qd8 7. Bb5+ Nd7 8. 0-0-0 Ngf6 9. Qb3 a6 10. Bxd7+ Nxd7 11. Nf3 e6 12. h4 Qa5 13. Qc4 Rb8 14. Kb1 b5 15. Qd4 b4 16. Ne2 Bb7 17. h5 h6 18. Bd2 Qb5 19. Ng3 a5 20. c4 bxc3 21. Bxc3 Nc5 22. Rhe1 Bc6 23. Qe3 Na4 24. Re2 Bd7 25. Rc2 Nxc3+ 26. Qxc3 Rc8 27. Qd4 Rxc2 28. Kxc2 Qa6 29. Kb1 a4 30. Rc1 a3 31. bxa3 Qa8 32. Qb2 Rg8 33. Rc7 Be7 34. Rb7 Bd8 35. Qb4 Qa6 36. Rb8 Ba4 37. Qd4 Bb5 38. a4 Bd7 39. Nd2 Bc8 40. Nc4 Bc7 41. Rb4 Ke7 42. a3 Bd7 43. Nb6 Rd8 44. Nxd7 Rxd7 45. Rb5 Rd8 46. Ne2 Kf8 47. Nc3 Rc8 48. Qb4 Kg8 49. f4 d5 50. exd5 Bd6 51. Qb3 exd5 52. Nxd5 Qc6 53. Qd1 Bxa3 54. Ka2 Bf8 0-1

[Event "OP-2010-0-01086"]
[Site "LSS email"]
[Date "2010.02.16"]
[Round "?"]
[White "Fair, Martin"]
[Black "Erlinger, Guido"]
[Result "1-0"]
[WhiteElo "1170"]
[BlackElo "1407"]
[PlyCount "43"]
[EventDate "2010.02.12"]
[EventType "tourn (corr)"]
[EventRounds "4"]
[EventCountry "GER"]
[SourceTitle "Corr 2013"]
[Source "ChessBase"]
[SourceDate "2012.11.12"]
[SourceVersion "1"]
[SourceVersionDate "2012.11.12"]
[SourceQuality "1"]

1. e4 c5 2. Nf3 d5 3. exd5 Qxd5 4. Nc3 Qh5 5. Be2 Bg4 6. Nb5 Na6 7. 0-0 Nf6 8. Re1 c4 9. a4 Rd8 10. h3 Bxf3 11. Bxf3 Qc5 12. d4 cxd3 13. cxd3 Nb4 14. Bf4 Rxd3 15. Qe2 e6 16. Rac1 Qf5 17. Rc8+ Kd7 18. Rec1 Bd6 19. Bxd6 Rxc8 20. Rxc8 Kxc8 21. Bxb4 Kd8 22. Bxb7 1-0

[Event "IECG CP.2004.Q.00003 email"]
[Site "IECG email"]
[Date "2006.01.20"]
[Round "?"]
[White "Zaichuk, Vitaliy"]
[Black "Erlinger, Guido"]
[Result "0-1"]
[WhiteElo "2119"]
[BlackElo "1362"]
[PlyCount "90"]
[EventDate "2006.01.20"]
[EventType "tourn (corr)"]
[EventRounds "6"]
[EventCountry "ESP"]
[SourceTitle "Corr 2008"]
[Source "ChessBase"]
[SourceDate "2008.06.24"]
[SourceVersion "1"]
[SourceVersionDate "2008.06.24"]
[SourceQuality "1"]

1. e4 e5 2. Nf3 Nc6 3. Bb5 a6 4. Ba4 Nf6 5. 0-0 Be7 6. Re1 b5 7. Bb3 0-0 8. h3 d6 9. c3 Na5 10. Bc2 c5 11. d4 exd4 12. cxd4 Bb7 13. Bf4 d5 14. e5 Ne4 15. Nc3 Nxc3 16. bxc3 g6 17. a4 Qc7 18. Bg5 Bxg5 19. Nxg5 h6 20. Nf3 bxa4 21. Nh2 Nc4 22. Ng4 Kg7 23. Qc1 Rh8 24. Qf4 h5 25. Nf6 a3 26. Bd3 cxd4 27. cxd4 Qe7 28. Bxc4 dxc4 29. d5 a5 30. Qxc4 Qb4 31. Qc1 Rac8 32. Qg5 Qb6 33. Rxa3 Qc5 34. Rd3 Qc2 35. Rd2 Qf5 36. Qxf5 gxf5 37. Rb2 Ba6 38. Ra1 Rc5 39. Rba2 Kg6 40. Rxa5 Rxa5 41. Rxa5 Bc4 42. Rc5 Ba2 43. f4 Rb8 44. Rc2 Ra8 45. Rd2 Bc4 0-1

[Event "IECG QN.2004.0.00306 email "]
[Site "IECG email"]
[Date "2004.01.10"]
[Round "?"]
[White "Erlinger, Guido"]
[Black "Certoux, Christophe"]
[Result "1-0"]
[WhiteElo "800"]
[BlackElo "776"]
[PlyCount "71"]
[EventDate "2004.01.10"]
[EventType "tourn (corr)"]
[EventRounds "6"]
[SourceTitle "Corr 2008"]
[Source "ChessBase"]
[SourceDate "2008.06.24"]
[SourceVersion "1"]
[SourceVersionDate "2008.06.24"]
[SourceQuality "1"]

1. e4 Nc6 2. d4 e5 3. d5 Nb8 4. Nf3 Qf6 5. Bc4 Bc5 6. 0-0 d6 7. c3 a6 8. b4 Ba7 9. a4 h6 10. Qd3 Qg6 11. Nh4 Qf6 12. Qg3 Nd7 13. Be3 Ne7 14. Nd2 0-0 15. Be2 g5 16. Bd3 Ng6 17. Nxg6 fxg6 18. Be2 h5 19. Bxg5 Qf7 20. Bh6 Re8 21. Be3 Nf6 22. Bxa7 Rxa7 23. f4 Ra8 24. Bd3 Bd7 25. fxe5 Rxe5 26. Nf3 Nxe4 27. Bxe4 Rxe4 28. Ng5 Qxd5 29. Nxe4 Qxe4 30. Rae1 Qc2 31. Rf2 Qxf2+ 32. Qxf2 Rf8 33. Qa2+ Kh8 34. Re7 Bc6 35. Qe6 Be8 36. Rxe8 1-0